| 000 | 00613nam a22002297a 4500 | ||
|---|---|---|---|
| 003 | UA-OsUOA | ||
| 001 | 39710 | ||
| 007 | ta | ||
| 008 | 20080516b un ||||| |||| 00| 0 ukr d | ||
| 090 |
_a086 _bО-90 |
||
| 942 | _cBK | ||
| 040 |
_aUA-OsUOA _bukr _cUA-OsUOA _dUA-OsUOA |
||
| 245 |
_aОУН в 1941 році _bДокументи _cЧастина 2 |
||
| 300 | _a616 с. | ||
| 955 | _a1 | ||
| 041 | _aukr | ||
| 080 | _a086 | ||
| 020 | _a966-02-2535-0 | ||
| 260 |
_aК. _bІнститут історії України _c2006 |
||
| 650 | 7 |
_a08 Видання. Колективні праці _2UDC |
|
| 999 |
_c438219 _d438219 |
||